01153nam a2200265Ia 4500003000900000008004100009020002200050040001600072080002200088111006900110245015100179260006100330300002300391490006600414650004500480650003900525650004200564700003200606700002600638700003000664700003100694942000700725999001700732952013800749IN-BaIIA211028s9999 xx 000 0 eng d a978-1-58381-862-6 cIIA Library a082.2:52bASP-489 aWorkshop on Solar Polarizationn7thcKunming, Chinad2013936331 0aSolar polarization 7bproceedings of workshop held in Expo garden hotel, Kunming, China, September 9-13, 2013cedited by K. N. Nagendra…[et al.] aSan FranciscobAstronomical Society of the Pacificc2014 a[various pagings.] aAstronomical Society of the Pacific conference series; v. 489 aPolarization (Light) - congresses931111 aSolar magnetic fields - congresses aSolar polarimetry - congresses931113 aNagendra, K. N., ed.922574 aQu, Z. Q., ed.936332 aSampoorna, M., ed.936333 aStenflo, J. O., ed.913277 cBK c19029d19029 00104070aBANbBANcGENd2015-05-05eSBA g5710.00l0o082.2:52/ ASP-489p19951r2021-11-05v5710.00w2015-05-05yBKGRs. 5710.00